Animated Character Sort Quiz Stats

 Plays Quiz Updated Feb 25, 2015

Challenge
Share
Tweet
Embed
Score 0/30 Timer 06:00
6 Plays Today
% Correct
Donald Duck
90.3%
Mickey Mouse
89.6%
Goofy
87.8%
Bugs Bunny
84.7%
Daffy Duck
82.4%
Simba
77.8%
Mike Wazowski
76.6%
Elmer Fudd
73.7%
Lord Farquaad
73.1%
Porky Pig
72.8%
Slinky Dog
72.4%
Yogi Bear
72.2%
Megamind
71.5%
Betty Rubble
69.1%
George Jetson
69%
% Correct
Scrooge McDuck
68.7%
Scooby-Doo
66.3%
Huckleberry Hound
63.9%
Yosemite Sam
62%
Lots-O'-Huggin' Bear
62%
Foghorn Leghorn
60.9%
Flik
59.7%
Eep Crood
58.5%
Jack-Jack Parr
57%
Top Cat
56.4%
Ginormica
53.7%
Hiccup Horrendous Haddock III
51.5%
Shifu
49.9%
Clarabelle Cow
47.6%
Ellie Frederickson
46.7%

You're not logged in!

Compare scores with friends on all Sporcle quizzes.
OR
Log In

You Might Also Like...

Show Comments

Extras

Top Quizzes Today


Score Distribution

Your Account Isn't Verified!

In order to create a playlist on Sporcle, you need to verify the email address you used during registration. Go to your Sporcle Settings to finish the process.

Report this User

Report this user for behavior that violates our Community Guidelines.

Details: